000 00319nam a22001457a 4500
008 210305b ||||| |||| 00| 0 eng d
020 _a9780697133304
041 _aeng
080 _23th
_a510
082 _2510
100 _a36
101 _aMAT
245 _aElementary Number Theory
_cBurton,M.D
942 _2udc
_cBK
999 _c55777
_d55777